| Tag |
First Indicator |
Second Indicator |
Subfields |
| LEADER |
00000cam a2200000Ka 4500 |
| 001 |
in00002721921 |
| 005 |
20210727160124.0 |
| 006 |
m d |
| 007 |
cr cn||||||||| |
| 008 |
111117s2011 njua ob 101 0 eng d |
| 019 |
|
|
|a 760174361
|
| 020 |
|
|
|a 1118144570 (electronic bk.)
|
| 020 |
|
|
|a 1118144600 (electronic bk.)
|
| 020 |
|
|
|a 9781118144572 (electronic bk.)
|
| 020 |
|
|
|a 9781118144602 (electronic bk.)
|
| 020 |
|
|
|z 1118060024
|
| 020 |
|
|
|z 9781118060025
|
| 035 |
|
|
|a (OCoLC)761319819
|z (OCoLC)760174361
|
| 035 |
|
|
|a (OCoLC)ocn761319819
|
| 035 |
|
|
|a 3939866
|
| 037 |
|
|
|a 10.1002/9781118144602
|b Wiley InterScience
|n http://www3.interscience.wiley.com
|
| 040 |
|
|
|a DG1
|b eng
|c DG1
|d YDXCP
|d UIU
|d TXA
|d UtOrBLW
|
| 049 |
|
|
|a TXAM
|
| 050 |
|
4 |
|a TA 418.9 .N35
|b A37 2011eb
|
| 082 |
0 |
4 |
|a 620.1/15
|2 23
|
| 245 |
0 |
0 |
|a Advances in nanomaterials and nanostructures /
|c edited by Kathy Lu [and others].
|
| 264 |
|
1 |
|a Hoboken, N.J. :
|b Wiley ;
|a [Westerville, Ohio] :
|b American Ceramic Society,
|c [2011]
|
| 264 |
|
4 |
|c ©2011
|
| 300 |
|
|
|a 1 online resource (x, 196 pages) :
|b illustrations
|
| 336 |
|
|
|a text
|b txt
|2 rdacontent
|
| 337 |
|
|
|a computer
|b c
|2 rdamedia
|
| 338 |
|
|
|a online resource
|b cr
|2 rdacarrier
|
| 490 |
1 |
|
|a Ceramic transactions ;
|v v. 229
|
| 500 |
|
|
|a "This volume is a collection of the papers presented at three nanotechnology related symposia held during the Materials Science and Technology 2010 conference (MS&T'10), October 17-22, 2010 in Houston, Texas."--Pref.
|
| 500 |
|
|
|a Electronic resource.
|
| 504 |
|
|
|a Includes bibliographical references and author index.
|
| 505 |
0 |
|
|a Front Matter -- Controlled Processing of Nanoparticle-Based Materials and Nanostructured Films. Effect of Focused Ion Beam Patterning on Enlarging Anodization Window and Interpore Distance for Ordered Porous Anodic Alumina / Bo Chen, Kathy Lu, Zhipeng Tian -- Thin Films of TiO with Au Nanoparticles for Photocatalytic Degradation of Methylene Blue / F Palomar, I G̤mez, J Cavazos -- New Entropic Routes for Nano-Bands and Nano-Particles / HP Li, GK Dey, JA Sekhar -- Photoinduced Shape Evolution of Silver Nanoparticles: From Nanospheres to Hexagonal and Triangular Nanoprisms / Thelma Serrano, Idalia Gomez, Rafael Col̀s -- Synthesis of CdS Nanocrystals Stabilized with Sodium Citrate / Thelma Serrano, Idalia G̤mez, Rafael Col̀s, Još Cavazos -- Freezing Behavior and Properties of Freeze Cast Kaolinite-Silica Porous Nanocomposite / Wenle Li, Kathy Lu, John Y Walz -- Controlling the Size of Magnetic Nanoparticles for Drug Applications / Luiz Fernando C̤tica, Valdirlei Fernandes Freitas, Gustavo Sanguino Dais, Ivair Aparecido dos Santos, Sheila Caroline Vendrame, Najeh Maissar Khalil, Rubiana Mara Mainardes -- Chemical Growth and Optoelectronic Characteristics of TiO Thin Film / Chinedu Ekuma, Israel Owate, Eziaku Osarolube, Evelyn Esabunor, Innocent Otu -- Synthesis of Manganese Oxides Nanocompounds for Electrodes in Electrochemical Capacitors / R Lucio, I G̤mez, L Torres, P Elizondo -- Nanotechnology for Energy, Healthcare and Industry. Finite Element Modeling of Sapphire Photonic Crystal Fibers / Neal T Pfeiffenberger, Gary R Pickrell -- Magnetically-Driven Release Media Comprising of Carbon Nanotube-Nickel/Nickel Oxide Core/Shell Nanoparticle Heterostructures Incorporated in Polyvinyl Alcohol / Wenwu Shi, Nitin Chopra -- Single-Walled Carbon Nanotube Dispersion Structures for Improved Energy Density in Supercapacitors / Joshua J Moore, John Z Wen -- The Mechanochemical Formation of Functionalized Semiconductor Nanoparticles for Biological, Electronic and Superhydrophobic Surface Applications / Steffen Hallmann, Mark J Fink, Brian S Mitchell -- Synthesis of ZnO Nanostructures and Their Influence on Photoelectrochemical Response for Solar Driven Water Splitting to Produce Hydrogen / Sudhakar Shet, Heli Wang, Todd Deutsch, Nuggehalli Ravindra, Yanfa Yan, John Turner, Mowafak Al-Jassim -- Capped CoFeO Nanoparticles: Non-Hydrolytic Synthesis, Characterization, and Potential Applications as Magnetic Extractants and in Ferrofluids / Tarek M Trad, Rose M Alvarez, Edward J McCumiskey, Curtis R Taylor -- Nanomaterial Fiber Optic Sensors in Healthcare and Industry Applications / K Sun, N Wu, C Guthy, X Wang -- Plasmonic Silver Nanoparticles for Energy and Optoelectronic Applications / Haoyan Wei -- Nanolaminated Ternary Carbides. Tribofilm Formation using TiAIC Material / P Kar, S Kundu, M Radovic, H Liang -- Author Index --.
|
| 588 |
|
|
|a Description based on print version record.
|
| 650 |
|
0 |
|a Nanostructured materials
|v Congresses.
|0 http://id.loc.gov/authorities/subjects/sh2008108194
|
| 655 |
|
7 |
|a Electronic books.
|2 local
|
| 700 |
1 |
|
|a Lu, Kathy.
|0 http://id.loc.gov/authorities/names/no2010191411
|
| 710 |
2 |
|
|a American Ceramic Society.
|0 http://id.loc.gov/authorities/names/n80049820
|
| 711 |
2 |
|
|a Materials Science & Technology Conference
|d (2010 :
|c Houston, Tex.)
|
| 776 |
0 |
8 |
|i Print version:
|t Advances in nanomaterials and nanostructures.
|d Hoboken, N.J. : Wiley ; [Westerville, Ohio] : American Ceramic Society, c2011
|z 9781118060025
|w (OCoLC)746899774
|
| 830 |
|
0 |
|a Ceramic transactions ;
|v v. 229.
|0 http://id.loc.gov/authorities/names/n86717471
|
| 830 |
|
0 |
|a Wiley online library.
|
| 856 |
4 |
0 |
|u http://proxy.library.tamu.edu/login?url=https://dx.doi.org/10.1002/9781118144602
|z Connect to the full text of this electronic book
|t 0
|
| 948 |
|
|
|a cataloged
|b h
|c 2011/12/14
|d c
|e jlanham
|f 11:07:06 am
|
| 994 |
|
|
|a C0
|b TXA
|
| 999 |
|
|
|a MARS
|
| 999 |
f |
f |
|s 88ed7ec0-efd5-3184-9409-51a46d52f9aa
|i 7512e2ae-959c-366d-aeda-54a8a14798fd
|t 0
|
| 952 |
f |
f |
|a Texas A&M University
|b College Station
|c Electronic Resources
|d Available Online
|t 0
|e TA 418.9 .N35 A37 2011eb
|h Library of Congress classification
|
| 998 |
f |
f |
|a TA 418.9 .N35 A37 2011eb
|t 0
|l Available Online
|